All the 'B's Quiz Stats

 Plays Quiz not verified by Sporcle

Challenge
Share
Tweet
Embed
Score 0/55 Timer 10:00
0 Plays Today
Hint Answer % Correct
FIFA world cup finals teams (Ever)Brazil
83.3%
FIFA world cup finals teams (Ever)Belgium
66.7%
FIFA world cup finals teams (Ever)Bolivia
66.7%
FIFA world cup finals teams (Ever)Bulgaria
58.3%
UK UniversitiesBirmingham
58.3%
Grammy Album of the year ArtistsThe Beatles
50%
Car Makes (Brands)Buick
50%
UK UniversitiesBristol
41.7%
Harry Potter Characters (last name) (First name if last is unknown)Black family
41.7%
Car Makes (Brands)BMW
41.7%
Car Makes (Brands)Bugatti
41.7%
FIFA world cup finals teams (Ever)Bosnia and Herzegovina
33.3%
UK UniversitiesBath
33.3%
UK UniversitiesBrighton
33.3%
Car Makes (Brands)Bentley
33.3%
UK UniversitiesBournemouth
25%
UK UniversitiesBradford
25%
First Generation PokemonBulbasaur
25%
World CurrencyBaht, Thailand
25%
Harry Potter Characters (last name) (First name if last is unknown)Lavender Brown
16.7%
Harry Potter Characters (last name) (First name if last is unknown)Charity Burbage
16.7%
Harry Potter Characters (last name) (First name if last is unknown)Bane
16.7%
First Generation PokemonBeedrill
16.7%
Top 50 Highest Grossing Movies (Ignore 'The')Beauty and the Beast
16.7%
Grammy Album of the year ArtistsBeck
8.3%
Grammy Album of the year ArtistsTony Bennett
8.3%
Grammy Album of the year ArtistsBlood, Sweat & Tears
8.3%
UK UniversitiesBolton
8.3%
Hint Answer % Correct
UK UniversitiesBuckingham
8.3%
UK UniversitiesBuckinghamshire
8.3%
Harry Potter Characters (last name) (First name if last is unknown)Bathilda Bagshot
8.3%
Harry Potter Characters (last name) (First name if last is unknown)Katie Bell
8.3%
Harry Potter Characters (last name) (First name if last is unknown)Cuthbert binns
8.3%
Harry Potter Characters (last name) (First name if last is unknown)Bogrod
8.3%
Harry Potter Characters (last name) (First name if last is unknown)Beedle the bard
8.3%
Harry Potter Characters (last name) (First name if last is unknown)Buckbeak
8.3%
Stephen King NovelsBag of Bones
8.3%
Stephen King NovelsBlack House
8.3%
First Generation PokemonButterfree
8.3%
First Generation PokemonBlastoise
8.3%
Top 50 Highest Grossing Movies (Ignore 'The')Batman V Superman
8.3%
Andrew Lloyd Webber Musicals.The Beautiful Game
0%
UK UniversitiesBangor
0%
UK UniversitiesBedfordshire
0%
UK UniversitiesBishop
0%
UK UniversitiesBrunel
0%
Harry Potter Characters (last name) (First name if last is unknown)Bathsheda babbling
0%
Harry Potter Characters (last name) (First name if last is unknown)Ludo bagman
0%
Harry Potter Characters (last name) (First name if last is unknown)Marcus Belby
0%
Harry Potter Characters (last name) (First name if last is unknown)Millicent Bulstrode
0%
Harry Potter Characters (last name) (First name if last is unknown)Frank Bryce
0%
Harry Potter Characters (last name) (First name if last is unknown)The Bloody Baron
0%
First Generation PokemonBellsprout
0%
World CurrencyBirr, Ethipoia
0%
World CurrencyBoliviano, Bolivia
0%

You're not logged in!

Compare scores with friends on all Sporcle quizzes.
Join for Free
OR
Log In

You Might Also Like...

Show Comments

Extras

Created Apr 12, 2017ReportNominate

Top Quizzes Today


Score Distribution

Your Account Isn't Verified!

In order to create a playlist on Sporcle, you need to verify the email address you used during registration. Go to your Sporcle Settings to finish the process.

Report this User

Report this user for behavior that violates our Community Guidelines.

Details: